01304nam a2200277 a 450000100100000000500170001000800410002702000180006804000250008608200170011110000370012824500870016526000530025230000210030550000710032650000600039750400320045759000260048965000540051565000360056991000380060595201300064395201150077395201210088899900170100900001552120240506202814.0100212s2009 dr 000 0 spa d z9789945002416 aDO-SdBNPbspacBNPHU a303.4bP592r1 aPichardo Almonte, Ángel93505210aRevolución cotidiana :bespiritualidad y política /cÁngel Pichardo Almonte. aSanto Domingo :bEdiciones Abre los Ojos,c2009. a347 p. ;c24 cm. aIncluye datos biográficos del autor en la solapa de la cubierta. aIncluye bibliografía y notas al pie de las páginas. aBibliografía : p. 337-347 aInventariado, 2018/BT 4aCambio socialxEnsayos, conferencias, etc.916520 0aDesarrollo de la comunidad9453 aValidado. Control de calidad. EMS 001154708DSaGRbGRcMId2010-02-12iLF1l0o303.4 P592rp15521-30r2020-06-25te. 3w2020-06-25yLFDSZPréstamo en sala 0010718PDaPDbPDcHDd2010-02-12iLF1l0o303.4 P592rp15521-10r2020-06-25w2020-06-25yLFPDZNo se presta 0010718PDaPDbPDcHDd2010-02-12iLF1l0o303.4 P592rp15521-20r2020-06-25te. 2w2020-06-25yLFPDZNo se presta c15077d15077